| 000 | 00000nam 2200000za 4500 |
| 001 | 9.582437 |
| 003 | CaOODSP |
| 005 | 20210624192041 |
| 007 | cr ||||||||||| |
| 008 | 150406s2005 xxc|||||o f|0| 0 eng d |
| 020 | |a0-662-69494-5 |
| 040 | |aCaOODSP|beng |
| 041 | |aeng |
| 041 | |afre |
| 043 | |an-cn--- |
| 086 | 1 |aS52-2/261-PDF |
| 110 | 1 |aCanada. |bPublic Works and Government Services Canada. |bTranslation Bureau. |
| 245 | 10|aSport Canada glossary |h[electronic resource] / |c[by] Elizabeth Fragua in collaboration with Lorraine Beaudet [...] et al. |
| 260 | |aOttawa : |bPublic Works and Government Services Canada, |c2005. |
| 300 | |a190 p. |
| 490 | 1 |aTerminology bulletin ; |vNo. 261 |
| 500 | |a"...a collection of 1,340 entries that include terms relating to administrative and operational activities in the field. Included are the official titles and vocabulary in use at Sport Canada..." -- Intro. |
| 504 | |aBibliography. |
| 590 | |a07-04-Supp|b2007-06-29 |
| 690 | 07|aTerminology|2gcpds |
| 690 | 07|aSports|2gcpds |
| 700 | 1 |aFragua, Elizabeth. |
| 700 | 1 |aBeaudet, Lorraine. |
| 792 | |tLexique de Sport Canada |efre|w(CaOODSP)9.582438 |
| 830 | #0|aTerminology bulletin ;|vNo. 261|w(CaOODSP)9.500139 |
| 856 | 40|ahttp://publications.gc.ca|qPDF|s992 KB|uhttps://publications.gc.ca/collections/Collection/S52-2-261.pdf|yNo. 261 |